000 00524nam a2200169 i 4500
001 95210
003 ES-MaACL
005 20230906181645.0
007 t|
008 050524m19221923sp ||||1| spa d
100 1 _aLustig, Alessandro.
_974862
245 1 0 _aTratado de Patología general /
_cpor Alejandro Lustig y G. Galeotti; traducido de la quinta edición italiana.
260 _aBarcelona :
_bSalvat,
_c1922-23.
300 _a2 v. :
_bil. ;
_c25 cm.
700 1 _aGaleotti, G.
_953378
852 _aES-MaACL
_jB-12126-27
999 _c95210
_d95210